00671nam a2200229Ia 4500003000400000005001700004008004100021020001400062040000700076082001600083100002000099245003600119250000800155260004500163300002400208500001900232600002700251650001500278942001200293952012100305999001500426OSt20241004115737.0240925s9999 xx 000 0 und d a132615126 csd a624.171 Hsi aHsieh ,Yuan YU. 0aElementary Theory of Structures a3rd aNew Jersey:bPrintice- Hall Int.c,1988. a433p.bNAfOriginal aIncludes Index aElectronic Engineering aTechnology cBK2ddc 011040708ELaUITUbUITUd1997-11-19eUIT Fruit Canadal0o624.171 HsipQ1318r2024-09-25 07:12:23w2024-09-25yBK c3817d3817